000
00317nam a2200145Ia 4500
005
20250509033820.0
008
240331s9999 xx 000 0 und d
082
_a
028
_b
SAT
245
0
_a
Sath maga
260
_c
1987
300
_a
140 p .,
500
_a
Sinhala Magazine
700
_a
Fernando,M.
_e
edt
942
_c
L
999
_c
1304
_d
1304